Retrofitting of DIS-Tress Members of APS Westridge (Record no. 554400)
[ view plain ]
| 000 -LEADER | |
|---|---|
| fixed length control field | 00506nam a22001817a 4500 |
| 082 ## - DEWEY DECIMAL CLASSIFICATION NUMBER | |
| Classification number | P-861 |
| 100 ## - MAIN ENTRY--PERSONAL NAME | |
| Personal name | Israr Khan |
| 9 (RLIN) | 51917 |
| 245 ## - TITLE STATEMENT | |
| Title | Retrofitting of DIS-Tress Members of APS Westridge |
| 260 ## - PUBLICATION, DISTRIBUTION, ETC. | |
| Place of publication, distribution, etc. | Risalpur, |
| Name of publisher, distributor, etc. | MCE, |
| Date of publication, distribution, etc. | 2020. |
| 300 ## - PHYSICAL DESCRIPTION | |
| Extent | unknown pages |
| 526 ## - STUDY PROGRAM INFORMATION NOTE | |
| Program name | 0 |
| Interest level | 0 |
| Reading level | 0 |
| Title point value | P_861 |
| 650 ## - SUBJECT ADDED ENTRY--TOPICAL TERM | |
| Topical term or geographic name entry element | Structure |
| Topical term following geographic name entry element | Syn-37 |
| 9 (RLIN) | 51918 |
| 700 ## - ADDED ENTRY--PERSONAL NAME | |
| Personal name | Adeel Ahmed |
| 9 (RLIN) | 51919 |
| 700 ## - ADDED ENTRY--PERSONAL NAME | |
| Personal name | Momin Bashir |
| 9 (RLIN) | 51920 |
| 700 ## - ADDED ENTRY--PERSONAL NAME | |
| Personal name | Muhammad Daud |
| 9 (RLIN) | 51921 |
| 700 ## - ADDED ENTRY--PERSONAL NAME | |
| Personal name | Supervisor Dr Adeel Zafar |
| 9 (RLIN) | 36003 |
| 942 ## - ADDED ENTRY ELEMENTS (KOHA) | |
| Source of classification or shelving scheme | |
| Koha item type | Book |
| Withdrawn status | Lost status | Source of classification or shelving scheme | Damaged status | Not for loan | Permanent Location | Current Location | Date acquired | Total Checkouts | Full call number | Barcode | Date last seen | Price effective from | Koha item type |
|---|---|---|---|---|---|---|---|---|---|---|---|---|---|
| Military College of Engineering (MCE) | Military College of Engineering (MCE) | 08/28/2020 | P-861 | MCE-P-861 | 08/28/2020 | 08/28/2020 | Book |
